Подсчет запасов и оценка ресурсов нефти и газа: учебное пособие
| मुख्य लेखक: | |
|---|---|
| निगमित लेखक: | |
| सारांश: | Заглавие с титульного экрана Электронная версия печатной публикации Рассмотрены запасы и ресурсы нефти, газа, конденсата и содержащихся в них компонентов. В соответствии с Временной классификацией запасов и ресурсов показана взаимосвязь категорий запасов и ресурсов с этапами и стадиями геологоразведочных работ. Рассмотрены методы подсчета запасов и оценки ресурсов углеводородов и особенности применения объемного метода при подсчете запасов на разных стадиях изученности залежей. Описаны методы обоснования подсчетных параметров для построения геологической модели залежи и подсчета запасов. Учебное пособие предназначено для студентов направления 130503.65 «Разработка и эксплуатация нефтяных и газовых месторождений » и направления 130304.65 «Геология нефти и газа» Режим доступа: из корпоративной сети ТПУ |
| भाषा: | रूसी |
| प्रकाशित: |
Томск, Изд-во ТПУ, 2011
|
| विषय: | |
| ऑनलाइन पहुंच: | http://www.lib.tpu.ru/fulltext2/m/2010/m80.pdf |
| स्वरूप: | MixedMaterials इलेक्ट्रोनिक पुस्तक |
| KOHA link: | https://koha.lib.tpu.ru/cgi-bin/koha/opac-detail.pl?biblionumber=177611 |
MARC
| LEADER | 00000nlm0a2200000 4500 | ||
|---|---|---|---|
| 001 | 177611 | ||
| 005 | 20231101223338.0 | ||
| 035 | |a (RuTPU)RU\TPU\book\192564 | ||
| 090 | |a 177611 | ||
| 100 | |a 20100322d2011 m y0rusy50 ca | ||
| 101 | 0 | |a rus | |
| 102 | |a RU | ||
| 105 | |a a j 001zy | ||
| 135 | |a vrcn ---uucaa | ||
| 181 | 0 | |a i | |
| 182 | 0 | |a b | |
| 200 | 1 | |a Подсчет запасов и оценка ресурсов нефти и газа |b Электронный ресурс |e учебное пособие |f Т. Г. Бжицких |g Национальный исследовательский Томский политехнический университет (ТПУ) | |
| 203 | |a Текст |c электронный | ||
| 210 | |a Томск |c Изд-во ТПУ |d 2011 | ||
| 230 | |a 1 компьютерный файл (pdf; 2.36 MB) | ||
| 300 | |a Заглавие с титульного экрана | ||
| 300 | |a Электронная версия печатной публикации | ||
| 330 | |a Рассмотрены запасы и ресурсы нефти, газа, конденсата и содержащихся в них компонентов. В соответствии с Временной классификацией запасов и ресурсов показана взаимосвязь категорий запасов и ресурсов с этапами и стадиями геологоразведочных работ. Рассмотрены методы подсчета запасов и оценки ресурсов углеводородов и особенности применения объемного метода при подсчете запасов на разных стадиях изученности залежей. Описаны методы обоснования подсчетных параметров для построения геологической модели залежи и подсчета запасов. Учебное пособие предназначено для студентов направления 130503.65 «Разработка и эксплуатация нефтяных и газовых месторождений » и направления 130304.65 «Геология нефти и газа» | ||
| 333 | |a Режим доступа: из корпоративной сети ТПУ | ||
| 337 | |a Adobe Reader | ||
| 488 | 1 | |0 (RuTPU)RU\TPU\book\189127 |t Подсчет запасов и оценка ресурсов нефти и газа |o учебное пособие |f Т. Г. Бжицких |g Томский политехнический университет (ТПУ) |c Томск |n Изд-во ТПУ |d 2009 |p 257 с. |a Бжицких, Тамара Гунаровна | |
| 606 | 1 | |a Нефтегазоносность |x Подсчет и классификация запасов |2 stltpush |3 (RuTPU)RU\TPU\subj\45611 |9 64804 | |
| 610 | 1 | |a нефть | |
| 610 | 1 | |a природный газ | |
| 610 | 1 | |a запасы | |
| 610 | 1 | |a нефтегазовые месторождения | |
| 610 | 1 | |a газовые месторождения | |
| 610 | 1 | |a геологоразведочные работы | |
| 610 | 1 | |a объемный метод | |
| 610 | 1 | |a метод материального баланса | |
| 610 | 1 | |a статистические методы | |
| 610 | 1 | |a перспективные ресурсы | |
| 610 | 1 | |a прогнозные ресурсы | |
| 610 | 1 | |a оформление | |
| 610 | 1 | |a учебные пособия | |
| 610 | 1 | |a труды учёных ТПУ | |
| 610 | 1 | |a электронный ресурс | |
| 675 | |a 553.98.048(075.8) |v 3 | ||
| 700 | 1 | |a Бжицких |b Т. Г. |c специалист в области нефтегазового дела |c старший преподаватель Томского политехнического университета |f 1961- |g Тамара Гунаровна |2 stltpush |3 (RuTPU)RU\TPU\pers\29411 | |
| 712 | 0 | 2 | |a Национальный исследовательский Томский политехнический университет (ТПУ) |c (2009- ) |2 stltpush |3 (RuTPU)RU\TPU\col\15902 |
| 801 | 1 | |a RU |b 63413507 |c 20100322 | |
| 801 | 2 | |a RU |b 63413507 |c 20120402 |g RCR | |
| 856 | 4 | |u http://www.lib.tpu.ru/fulltext2/m/2010/m80.pdf | |
| 942 | |c CF | ||